<The> road to European economic and monetary union.

Dôvody pre zriadenie hospodárskej a menovej únie Európskych spoločenstiev. Výhody a riziká existencie takejto únie. Realizácia jednotlivých etáp únie z hľadiska záujmov a situácie SRN.

Enregistré dans:
Détails bibliographiques
Auteur principal: Schlesinger, H.
Format: Chapitre de livre
Langue:anglais
Sujets:
Tags: Ajouter un tag
Pas de tags, Soyez le premier à ajouter un tag!

MARC

LEADER 00000naa a2200000 4500
001 r005544
005 20221130103345.9
041 0 |a eng 
044 |a DE 
245 1 0 |a <The> road to European economic and monetary union.  |c H. Schlesinger 
520 |a Dôvody pre zriadenie hospodárskej a menovej únie Európskych spoločenstiev. Výhody a riziká existencie takejto únie. Realizácia jednotlivých etáp únie z hľadiska záujmov a situácie SRN. 
610 2 0 |a integrácia ekonomická medzinárodná 
610 2 0 |a Európske spoločenstvá 
610 2 0 |a politika menová 
610 2 0 |a riziko 
610 2 0 |a Nemecko 
610 2 0 |a únie menové 
100 1 |a Schlesinger, H.